[Event "GBR-ch109 Over 50"]
[Site "Leicester"]
[Date "2023.07.27"]
[Round "4.4"]
[White "Lawton, Geoffrey W"]
[Black "Kett, Timothy J"]
[Result "1-0"]
[WhiteElo "2359"]
[BlackElo "2062"]
[PlyCount "75"]
[EventDate "2023.07.24"]
[EventType "swiss"]
[EventRounds "7"]
[EventCountry "GBR"]
[SourceTitle "BritBase"]
[Source "John Saunders"]
[SourceDate "2025.01.31"]
[SourceVersion "1"]
[SourceVersionDate "2025.01.31"]
[SourceQuality "1"]

1. Nf3 c5 2. g3 Nc6 3. Bg2 e5 4. d3 g6 5. O-O Bg7 6. c4 Nge7 7. Nc3 O-O 8. Ne1 d6 9. Nc2 Be6 10. Ne3 Qd7 11. a3 Bh3 12. Rb1 Bxg2 13. Kxg2 f5 14. f4 Rae8 15. Qa4 g5 16. Ned5 gxf4 17. gxf4 Ng6 18. Bd2 Qd8 19. Kh1 Kh8 20. b4 cxb4 21. axb4 exf4 22. Nxf4 Nxf4 23. Rxf4 Bh6 24. Nd5 Bxf4 25. Nxf4 Qh4 26. Qa1+ Ne5 27. Rf1 Rf6 28. Be1 Qh6 29. Qd4 Ng4 30. Bg3 Re3 31. Kg2 Rxg3+ 32. hxg3 Qh2+ 33. Kf3 Ne5+ 34. Ke3 Qxg3+ 35. Kd2 a6 36. c5 Qg8 37. cxd6 Qf8 38. Qxe5 1-0

[Event "GBR-ch109 Over 50"]
[Site "Leicester"]
[Date "2023.07.27"]
[Round "4.5"]
[White "Duncan, Christopher R"]
[Black "Rich, Mark C"]
[Result "1-0"]
[WhiteElo "2191"]
[BlackElo "2043"]
[PlyCount "43"]
[EventDate "2023.07.24"]
[EventType "swiss"]
[EventRounds "7"]
[EventCountry "GBR"]
[SourceTitle "BritBase"]
[Source "John Saunders"]
[SourceDate "2025.01.31"]
[SourceVersion "1"]
[SourceVersionDate "2025.01.31"]
[SourceQuality "1"]

1. d4 g6 2. e4 Bg7 3. c4 d6 4. Nc3 Nd7 5. Nf3 c5 6. Be2 cxd4 7. Nxd4 Ngf6 8. O-O O-O 9. Be3 Nc5 10. f3 Ne6 11. Qd2 Nxd4 12. Bxd4 Be6 13. Rfd1 Rc8 14. b3 a6 15. Rac1 Re8 16. Na4 Bd7 17. Bb6 Rc7 18. c5 Bxa4 19. bxa4 Qd7 20. Bxc7 Qxc7 21. cxd6 Qb6+ 22. Qd4 1-0

[Event "GBR-ch109 Over 50"]
[Site "Leicester"]
[Date "2023.07.27"]
[Round "4.6"]
[White "Watson, Simon"]
[Black "Ledger, David J"]
[Result "0-1"]
[WhiteElo "1835"]
[BlackElo "2190"]
[PlyCount "68"]
[EventDate "2023.07.24"]
[EventType "swiss"]
[EventRounds "7"]
[EventCountry "GBR"]
[SourceTitle "BritBase"]
[Source "John Saunders"]
[SourceDate "2025.01.31"]
[SourceVersion "1"]
[SourceVersionDate "2025.01.31"]
[SourceQuality "1"]

1. e4 e5 2. Nf3 Nc6 3. Bb5 a6 4. Ba4 Nf6 5. O-O b5 6. Bb3 Be7 7. Re1 O-O 8. a4 Rb8 9. axb5 axb5 10. c3 h6 11. d4 exd4 12. cxd4 d5 13. e5 Ne4 14. Nc3 Nxc3 15. bxc3 Bf5 16. Bc2 Bxc2 17. Qxc2 Qd7 18. Bd2 Nd8 19. Ra7 Ne6 20. Rea1 b4 21. cxb4 Bxb4 22. h3 Bxd2 23. Qxd2 Rb6 24. Ra8 Rb1+ 25. Rxb1 Rxa8 26. Rd1 Ra4 27. Qb2 Rc4 28. Qb8+ Kh7 29. Qb1+ g6 30. Qb2 Nf4 31. Qd2 Qf5 32. Qe3 Rc3 33. Qe1 Rxf3 34. gxf3 Qg5+ 0-1

[Event "GBR-ch109 Over 50"]
[Site "Leicester"]
[Date "2023.07.27"]
[Round "4.7"]
[White "Crocker, Philip J"]
[Black "Thompson, Ian D"]
[Result "1/2-1/2"]
[WhiteElo "2151"]
[BlackElo "2035"]
[PlyCount "75"]
[EventDate "2023.07.24"]
[EventType "swiss"]
[EventRounds "7"]
[EventCountry "GBR"]
[SourceTitle "BritBase"]
[Source "John Saunders"]
[SourceDate "2025.01.31"]
[SourceVersion "1"]
[SourceVersionDate "2025.01.31"]
[SourceQuality "1"]

1. d4 d5 2. c4 c6 3. Nf3 Nf6 4. e3 Bf5 5. Nc3 e6 6. Nh4 Be4 7. f3 Bg6 8. Qb3 Qc7 9. cxd5 cxd5 10. Bd2 Nc6 11. O-O-O Be7 12. Nxg6 hxg6 13. Kb1 a6 14. Rc1 Nd7 15. e4 Qb6 16. exd5 Qxb3 17. axb3 Nxd4 18. dxe6 Nxe6 19. Nd5 Bd6 20. f4 O-O 21. Be3 Rac8 22. Be2 Nf6 23. Nxf6+ gxf6 24. g3 Nc5 25. Rc3 a5 26. Rd1 Be7 27. Bxc5 Bxc5 28. Rd7 b6 29. Bc4 f5 30. Rcd3 Rce8 31. h4 Re7 32. Rxe7 Bxe7 33. Rd7 Bc5 34. h5 gxh5 35. Rd5 Kg7 36. Rxf5 f6 37. Rxh5 Rh8 38. Rxh8 1/2-1/2

[Event "GBR-ch109 Over 50"]
[Site "Leicester"]
[Date "2023.07.27"]
[Round "4.8"]
[White "Smith, Andrew Philip"]
[Black "Henderson, David"]
[Result "1-0"]
[WhiteElo "2038"]
[BlackElo "2113"]
[PlyCount "68"]
[EventDate "2023.07.24"]
[EventType "swiss"]
[EventRounds "7"]
[EventCountry "GBR"]
[SourceTitle "BritBase"]
[Source "John Saunders"]
[SourceDate "2025.01.31"]
[SourceVersion "1"]
[SourceVersionDate "2025.01.31"]
[SourceQuality "1"]

1. e4 e5 2. Nc3 Nf6 3. f4 d5 4. fxe5 Nxe4 5. Qf3 Nc6 6. Bb5 Nxc3 7. dxc3 Qh4+ 8. g3 Qe4+ 9. Be3 Bd7 10. O-O-O Nxe5 11. Bxd7+ Nxd7 12. Rxd5 Qxf3 13. Nxf3 Bd6 14. Nd4 Nf6 15. Rb5 O-O-O 16. Nf5 Ne8 17. Bd4 Rg8 18. Re1 a6 19. Ra5 f6 20. Bc5 Rf8 21. Bxd6 cxd6 22. Ra4 g6 23. Rc4+ Kb8 24. Nd4 Rf7 25. Ne6 Rc8 26. Rce4 Nc7 27. Nf4 Rd8 28. c4 g5 29. Nh5 Rdd7 30. g4 f5 31. gxf5 Rxf5 32. Re7 Rxe7 33. Rxe7 Rf2 34. h3 Rf3 $138 1-0

[Event "GBR-ch109 Over 50"]
[Site "Leicester"]
[Date "2023.07.27"]
[Round "4.9"]
[White "Kirby, Peter J"]
[Black "Walker, Martin Graham"]
[Result "0-1"]
[WhiteElo "1985"]
[BlackElo "2079"]
[PlyCount "52"]
[EventDate "2023.07.24"]
[EventType "swiss"]
[EventRounds "7"]
[EventCountry "GBR"]
[SourceTitle "BritBase"]
[Source "John Saunders"]
[SourceDate "2025.01.31"]
[SourceVersion "1"]
[SourceVersionDate "2025.01.31"]
[SourceQuality "1"]

1. Nf3 Nf6 2. c4 e6 3. Nc3 d5 4. d4 Bb4 5. cxd5 Nxd5 6. Bd2 O-O 7. a3 Nxc3 8. Bxc3 Bxc3+ 9. bxc3 b6 10. e3 Bb7 11. Bd3 Qe7 12. O-O Nd7 13. e4 c5 14. d5 c4 15. Bxc4 Rac8 16. Bb5 exd5 17. exd5 Rxc3 18. Qd4 Rxf3 19. gxf3 Ne5 20. Qf4 Bxd5 21. Rfd1 Ng6 22. Qg3 Qf6 23. Rac1 Bxf3 24. Rd6 Qb2 25. Qxf3 Qxc1+ 26. Rd1 Qg5+ 0-1

[Event "GBR-ch109 Over 50"]
[Site "Leicester"]
[Date "2023.07.27"]
[Round "4.10"]
[White "Duncan, Patrick CM"]
[Black "Smith, Peter"]
[Result "1-0"]
[WhiteElo "1996"]
[BlackElo "2063"]
[PlyCount "57"]
[EventDate "2023.07.24"]
[EventType "swiss"]
[EventRounds "7"]
[EventCountry "GBR"]
[SourceTitle "BritBase"]
[Source "John Saunders"]
[SourceDate "2025.01.31"]
[SourceVersion "1"]
[SourceVersionDate "2025.01.31"]
[SourceQuality "1"]

1. b3 Nf6 2. Bb2 g6 3. Nf3 Bg7 4. g3 c5 5. c4 O-O 6. Bg2 Nc6 7. O-O d5 8. cxd5 Nxd5 9. Bxg7 Kxg7 10. d4 Qb6 11. e4 Nf6 12. d5 Rd8 13. Nbd2 Nd4 14. Nxd4 cxd4 15. Nc4 Qc5 16. Rc1 Bg4 17. Qd2 Rac8 18. Nb2 Qa3 19. h3 Rxc1 20. Rxc1 Bxh3 21. Bxh3 Nxe4 22. Qxd4+ Nf6 23. Bg2 Qxa2 24. Rc7 Qb1+ 25. Kh2 h5 26. Rxe7 Rd6 27. Nc4 Kf8 28. Rxf7+ Kxf7 29. Nxd6+ 1-0

[Event "GBR-ch109 Over 50"]
[Site "Leicester"]
[Date "2023.07.27"]
[Round "4.11"]
[White "James, Russell A"]
[Black "Hughes, Roy"]
[Result "1-0"]
[WhiteElo "2012"]
[BlackElo "2007"]
[PlyCount "43"]
[EventDate "2023.07.24"]
[EventType "swiss"]
[EventRounds "7"]
[EventCountry "GBR"]
[SourceTitle "BritBase"]
[Source "John Saunders"]
[SourceDate "2025.01.31"]
[SourceVersion "1"]
[SourceVersionDate "2025.01.31"]
[SourceQuality "1"]

1. e4 d5 2. exd5 Qxd5 3. Nc3 Qa5 4. d4 Nf6 5. Nf3 Bf5 6. Bc4 e6 7. Bd2 c6 8. Nd5 Qd8 9. Nxf6+ Qxf6 10. Qe2 Qd8 11. Ne5 Nd7 12. Nxf7 Kxf7 13. g4 Qf6 14. gxf5 Qxf5 15. Rg1 Bd6 16. O-O-O Rhe8 17. Bd3 Qf6 18. Qh5+ Ke7 19. Qxh7 Rf8 20. Rg6 Qf3 21. Rxg7+ Rf7 22. Bg5+ 1-0

[Event "GBR-ch109 Over 50"]
[Site "Leicester"]
[Date "2023.07.27"]
[Round "4.12"]
[White "Townsend, M Paul"]
[Black "Brown, Alan M"]
[Result "1-0"]
[WhiteElo "2209"]
[BlackElo "1988"]
[PlyCount "59"]
[EventDate "2023.07.24"]
[EventType "swiss"]
[EventRounds "7"]
[EventCountry "GBR"]
[SourceTitle "BritBase"]
[Source "John Saunders"]
[SourceDate "2025.01.31"]
[SourceVersion "1"]
[SourceVersionDate "2025.01.31"]
[SourceQuality "1"]

1. c4 e5 2. g3 Nf6 3. Bg2 d5 4. cxd5 Nxd5 5. Nc3 Nb6 6. Nf3 Nc6 7. O-O Be7 8. a3 O-O 9. b4 a6 10. d3 Be6 11. Ne4 h6 12. Bb2 Nd7 13. Qc2 f5 14. Nc5 Nxc5 15. bxc5 Bf6 16. e4 Qd7 17. Rfe1 Rfe8 18. Rad1 Qf7 19. Nd2 Rad8 20. exf5 Bxf5 21. Ne4 Be7 22. Rb1 Qa2 23. Qe2 Nd4 24. Qh5 Qf7 25. Qxf7+ Kxf7 26. Bxd4 Rxd4 27. Rxb7 Rxd3 28. Rxc7 Bxe4 29. Bxe4 Rxa3 30. Bc6 1-0

[Event "GBR-ch109 Over 50"]
[Site "Leicester"]
[Date "2023.07.27"]
[Round "4.13"]
[White "Cole, Graham L"]
[Black "Molyneux, John"]
[Result "1/2-1/2"]
[WhiteElo "1628"]
[BlackElo "2230"]
[PlyCount "64"]
[EventDate "2023.07.24"]
[EventType "swiss"]
[EventRounds "7"]
[EventCountry "GBR"]
[SourceTitle "BritBase"]
[Source "John Saunders"]
[SourceDate "2025.01.31"]
[SourceVersion "1"]
[SourceVersionDate "2025.01.31"]
[SourceQuality "1"]

1. e4 c5 2. Nf3 d6 3. d4 cxd4 4. Nxd4 Nf6 5. Nc3 Nc6 6. f3 e5 7. Nb3 Be6 8. Be3 d5 9. exd5 Nxd5 10. Nxd5 Qxd5 11. Qxd5 Bxd5 12. O-O-O O-O-O 13. Bd3 Be7 14. Be4 Bxe4 15. fxe4 b6 16. Rxd8+ Nxd8 17. Kd2 Ne6 18. Ke2 Kc7 19. g3 Kc6 20. Rd1 Rc8 21. Rd3 Rf8 22. Rd5 Bd6 23. Rd3 f6 24. a4 g6 25. a5 f5 26. exf5 gxf5 27. axb6 axb6 28. Bxb6 Bb8 29. Be3 f4 30. gxf4 exf4 31. Bd2 Rg8 32. Nd4+ Nxd4+ 1/2-1/2

[Event "GBR-ch109 Over 50"]
[Site "Leicester"]
[Date "2023.07.27"]
[Round "4.14"]
[White "Brett, Andrew R"]
[Black "Kennedy, Craig"]
[Result "1/2-1/2"]
[WhiteElo "2078"]
[BlackElo "1784"]
[PlyCount "67"]
[EventDate "2023.07.24"]
[EventType "swiss"]
[EventRounds "7"]
[EventCountry "GBR"]
[SourceTitle "BritBase"]
[Source "John Saunders"]
[SourceDate "2025.01.31"]
[SourceVersion "1"]
[SourceVersionDate "2025.01.31"]
[SourceQuality "1"]

1. d4 Nf6 2. c4 d6 3. Nc3 Nbd7 4. Nf3 e5 5. g3 Be7 6. Bg2 O-O 7. O-O c6 8. e4 a6 9. a4 a5 10. Re1 Re8 11. h3 Qb6 12. c5 Qc7 13. cxd6 Bxd6 14. dxe5 Nxe5 15. Nxe5 Bxe5 16. f4 Rd8 17. Qf3 Bd4+ 18. Be3 Be6 19. e5 Bxe3+ 20. Qxe3 Nd5 21. Nxd5 Bxd5 22. f5 Bxg2 23. Kxg2 Qd7 24. Qf3 Qd5 25. Rad1 Qxf3+ 26. Kxf3 Kf8 27. Ke4 Ke7 28. Rxd8 Rxd8 29. Re3 Rd2 30. Rb3 Rd7 31. g4 g5 32. Rc3 Rd2 33. Rb3 Rd7 34. Rc3 1/2-1/2

[Event "GBR-ch109 Over 50"]
[Site "Leicester"]
[Date "2023.07.27"]
[Round "4.15"]
[White "Grillage, Andrew"]
[Black "Mason, Donald J"]
[Result "1-0"]
[WhiteElo "2010"]
[BlackElo "2042"]
[PlyCount "93"]
[EventDate "2023.07.24"]
[EventType "swiss"]
[EventRounds "7"]
[EventCountry "GBR"]
[SourceTitle "BritBase"]
[Source "John Saunders"]
[SourceDate "2025.01.31"]
[SourceVersion "1"]
[SourceVersionDate "2025.01.31"]
[SourceQuality "1"]

1. d4 Nf6 2. Nc3 d5 3. Bf4 g6 4. e3 Bg7 5. Nb5 Na6 6. h3 c6 7. Nc3 Nb8 8. Nf3 O-O 9. Bd3 c5 10. O-O cxd4 11. exd4 Nc6 12. Ne2 Nb4 13. Bb5 Qa5 14. Nc3 Ne4 15. Be2 Bd7 16. Nxe4 dxe4 17. Ne5 Bxe5 18. Bxe5 Rac8 19. c3 Nc6 20. Bf4 Rfd8 21. Qd2 f6 22. Qe3 g5 23. Bh2 Bf5 24. Bc4+ Kh8 25. Bb3 e5 26. Rfd1 exd4 27. cxd4 Nb4 28. f3 Nc2 29. Bxc2 Rxc2 30. fxe4 Re8 31. e5 Qd5 32. Rd2 Rxd2 33. Qxd2 Rc8 34. exf6 h6 35. f7 Qxf7 36. Be5+ Kh7 37. Rf1 Qd7 38. Qf2 Bg6 39. Qf6 Be4 40. Rf2 b5 41. a3 Bd5 42. h4 gxh4 43. Qxh4 Rg8 44. Rc2 Bc6 45. Qf6 Rc8 46. Rc3 Bd5 47. Rxc8 1-0

[Event "GBR-ch109 Over 50"]
[Site "Leicester"]
[Date "2023.07.27"]
[Round "4.16"]
[White "Baer, Bruce L"]
[Black "Ledger, Stephen C"]
[Result "0-1"]
[WhiteElo "2026"]
[BlackElo "1978"]
[PlyCount "55"]
[EventDate "2023.07.24"]
[EventType "swiss"]
[EventRounds "7"]
[EventCountry "GBR"]
[SourceTitle "BritBase"]
[Source "John Saunders"]
[SourceDate "2025.01.31"]
[SourceVersion "1"]
[SourceVersionDate "2025.01.31"]
[SourceQuality "1"]

1. Nf3 c5 2. g3 Nc6 3. Bg2 g6 4. O-O Bg7 5. d3 d6 6. e4 Nf6 7. c3 e5 8. a3 O-O 9. b4 a6 10. Nbd2 h6 11. bxc5 dxc5 12. Nc4 Qc7 13. Rb1 b5 14. Ne3 Be6 15. Qc2 Rfd8 16. Rd1 Rac8 17. Bb2 a5 18. Rbc1 a4 19. c4 Nd4 20. Nxd4 cxd4 21. cxb5 Qxc2 22. Nxc2 Bb3 23. Nb4 Bxd1 24. Rxd1 Rc5 25. f4 Rxb5 26. fxe5 Ng4 27. Bh3 Nxe5 28. Rc1 0-1

[Event "GBR-ch109 Over 50"]
[Site "Leicester"]
[Date "2023.07.27"]
[Round "4.17"]
[White "Giulian, Rosemary A"]
[Black "Crichton, Martin"]
[Result "1/2-1/2"]
[WhiteElo "1855"]
[BlackElo "1906"]
[PlyCount "42"]
[EventDate "2023.07.24"]
[EventType "swiss"]
[EventRounds "7"]
[EventCountry "GBR"]
[SourceTitle "BritBase"]
[Source "John Saunders"]
[SourceDate "2025.01.31"]
[SourceVersion "1"]
[SourceVersionDate "2025.01.31"]
[SourceQuality "1"]

1. e4 c6 2. d4 d5 3. e5 c5 4. dxc5 e6 5. c3 Bxc5 6. Nf3 Ne7 7. Bd3 Nbc6 8. O-O Ng6 9. Qe2 Qc7 10. Re1 Bd7 11. Nbd2 O-O 12. Nb3 Bb6 13. Bd2 a6 14. Nbd4 Rac8 15. Nxc6 Bxc6 16. Ng5 h6 17. Nh3 Rce8 18. Qh5 Nh8 19. Qg4 f5 20. exf6 Rxf6 21. c4 Qf7 1/2-1/2

[Event "GBR-ch109 Over 50"]
[Site "Leicester"]
[Date "2023.07.27"]
[Round "4.18"]
[White "Drugan, Mark A"]
[Black "Strugar, Ioan"]
[Result "0-1"]
[WhiteElo "1693"]
[BlackElo "1359"]
[PlyCount "74"]
[EventDate "2023.07.24"]
[EventType "swiss"]
[EventRounds "7"]
[EventCountry "GBR"]
[SourceTitle "BritBase"]
[Source "John Saunders"]
[SourceDate "2025.01.31"]
[SourceVersion "1"]
[SourceVersionDate "2025.01.31"]
[SourceQuality "1"]

1. e4 e5 2. Nf3 Nf6 3. Nxe5 Nxe4 4. Qe2 Qe7 5. d4 d5 6. Nd2 Nf6 7. Ndf3 Nbd7 8. Bg5 h6 9. Bh4 g5 10. Bg3 Bg7 11. Nxd7 Qxe2+ 12. Bxe2 Bxd7 13. Ne5 Bf5 14. O-O Ne4 15. Bh5 O-O 16. c3 Nxg3 17. fxg3 Be6 18. Rae1 Rae8 19. b4 Bxe5 20. Rxe5 Re7 21. h3 Kg7 22. Bg4 c6 23. h4 Rfe8 24. Rfe1 Kf8 25. Bxe6 Rxe6 26. Rxe6 Rxe6 27. Rxe6 fxe6 28. Kf2 Kf7 29. h5 Kf6 30. g4 e5 31. dxe5+ Kxe5 32. Ke3 b6 33. a3 c5 34. bxc5 bxc5 35. g3 c4 36. Kd2 Ke4 37. Ke2 a6 0-1

[Event "GBR-ch109 Over 50"]
[Site "Leicester"]
[Date "2023.07.28"]
[Round "5.1"]
[White "Graham, David Bruce"]
[Black "Eames, Robert S"]
[Result "1/2-1/2"]
[WhiteElo "2151"]
[BlackElo "2124"]
[PlyCount "128"]
[EventDate "2023.07.24"]
[EventType "swiss"]
[EventRounds "7"]
[EventCountry "GBR"]
[SourceTitle "BritBase"]
[Source "John Saunders"]
[SourceDate "2025.01.31"]
[SourceVersion "1"]
[SourceVersionDate "2025.01.31"]
[SourceQuality "1"]

1. e4 c5 2. Nf3 d6 3. d4 cxd4 4. Nxd4 Nf6 5. Nc3 g6 6. Be3 Nc6 7. f3 h5 8. Bc4 Bd7 9. Bb3 Bg7 10. Qd2 Na5 11. Nd5 Rc8 12. O-O Nc4 13. Bxc4 Rxc4 14. b3 Rc5 15. c4 Nxd5 16. exd5 a6 17. Rae1 O-O 18. a4 Re8 19. f4 Rc8 20. f5 b5 21. fxg6 fxg6 22. Qd3 Kh7 23. Nf3 Bf6 24. Ng5+ Kg7 25. Bd4 bxc4 26. bxc4 Rf8 27. Re6 Kh6 28. Bxf6 exf6 29. Rxd6 Qe7 30. Rxa6 Bf5 31. Rxf5 gxf5 32. Ne6 Rf7 33. c5 Rb8 34. Rc6 Qa7 35. Qxf5 Qxa4 36. Qf4+ Qxf4 37. Nxf4 Kg5 38. Ne6+ Kf5 39. Nc7 Rb2 40. Rb6 Rc2 41. Ne8 Ke5 42. h3 f5 43. c6 Ra7 44. c7 Raa2 45. Rg6 Kxd5 46. Nf6+ Ke5 47. Nxh5 Rxc7 48. Rg5 Rcc2 49. Ng7 Kf6 50. h4 f4 51. Nh5+ Kf7 52. Nxf4 Ra4 53. Rf5+ Kg7 54. Kh2 Ra3 55. Rg5+ Kf6 56. Rg3 Rxg3 57. Kxg3 Kf5 58. Nd5 Ke5 59. Ne3 Rc3 60. Kf2 Ke4 61. Nd1 Rc1 62. Ne3 Rc3 63. Nd1 Rc1 64. Ne3 Rc3 1/2-1/2

[Event "GBR-ch109 Over 50"]
[Site "Leicester"]
[Date "2023.07.28"]
[Round "5.2"]
[White "Duncan, Christopher R"]
[Black "Sanger, Mark"]
[Result "1-0"]
[WhiteElo "2191"]
[BlackElo "2049"]
[PlyCount "77"]
[EventDate "2023.07.24"]
[EventType "swiss"]
[EventRounds "7"]
[EventCountry "GBR"]
[SourceTitle "BritBase"]
[Source "John Saunders"]
[SourceDate "2025.01.31"]
[SourceVersion "1"]
[SourceVersionDate "2025.01.31"]
[SourceQuality "1"]

1. d4 e6 2. Nf3 Nf6 3. g3 d5 4. Bg2 c6 5. O-O Be7 6. c4 Ne4 7. Nbd2 Nxd2 8. Bxd2 Nd7 9. Qc2 O-O 10. e4 dxc4 11. Qxc4 e5 12. Qc2 exd4 13. Nxd4 Ne5 14. Bc3 Bf6 15. Rad1 Qb6 16. h3 c5 17. Ne2 Be6 18. Nf4 Bxa2 19. Nd5 Bb3 20. Nxb6 Bxc2 21. Nxa8 Bxd1 22. Rxd1 Rxa8 23. f4 Nc4 24. e5 Ne3 25. Rd3 Nxg2 26. exf6 Nxf4 27. gxf4 g6 28. Kf2 b5 29. Ke3 b4 30. Be5 c4 31. Rd7 a5 32. Rc7 c3 33. bxc3 b3 34. c4 a4 35. Rb7 h5 36. Kd3 a3 37. Rxb3 a2 38. Ba1 Rd8+ 39. Kc2 1-0

[Event "GBR-ch109 Over 50"]
[Site "Leicester"]
[Date "2023.07.28"]
[Round "5.3"]
[White "Arkell, Keith C"]
[Black "Lawton, Geoffrey W"]
[Result "1-0"]
[WhiteElo "2392"]
[BlackElo "2359"]
[PlyCount "125"]
[EventDate "2023.07.24"]
[EventType "swiss"]
[EventRounds "7"]
[EventCountry "GBR"]
[SourceTitle "BritBase"]
[Source "John Saunders"]
[SourceDate "2025.01.31"]
[SourceVersion "1"]
[SourceVersionDate "2025.01.31"]
[SourceQuality "1"]

1. Nf3 Nf6 2. d4 g6 3. c4 Bg7 4. g3 O-O 5. Bg2 d6 6. Nc3 Nc6 7. O-O Rb8 8. b3 a6 9. Nd5 Nh5 10. Bb2 b5 11. Rc1 Bd7 12. Qd2 e6 13. Ne3 Ne7 14. c5 Bc6 15. cxd6 cxd6 16. Ne1 Bxg2 17. N3xg2 Qb6 18. Nf3 Nf6 19. Nf4 Rfc8 20. h4 h6 21. Qd3 Rd8 22. Qb1 Qb7 23. Rc2 Rbc8 24. Rfc1 Rxc2 25. Rxc2 Ne4 26. Qc1 Rd7 27. Nd3 Nd5 28. Rc8+ Kh7 29. Qc6 f5 30. Qxb7 Rxb7 31. Kf1 g5 32. hxg5 hxg5 33. e3 Kg6 34. Ke2 b4 35. Rc6 a5 36. Nd2 Ra7 37. g4 Ne7 38. gxf5+ exf5 39. Rc1 Nd5 40. Rc6 Ne7 41. Rc2 Nd5 42. Nc4 Ra6 43. f3 Nec3+ 44. Bxc3 Nxc3+ 45. Kd2 f4 46. exf4 gxf4 47. Nxf4+ Kf5 48. Ne2 Nxe2 49. Kxe2 Bxd4 50. Kd3 Bc5 51. Nb2 Kf4 52. Na4 Kxf3 53. Nxc5 dxc5 54. Rxc5 Kf4 55. Kc4 a4 56. Kxb4 axb3 57. axb3 Ke4 58. Kc4 Ra1 59. b4 Rc1+ 60. Kb5 Rb1 61. Rh5 Kd4 62. Ka5 Kc4 63. b5 1-0

[Event "GBR-ch109 Over 50"]
[Site "Leicester"]
[Date "2023.07.28"]
[Round "5.4"]
[White "Ledger, David J"]
[Black "Smith, Andrew Philip"]
[Result "1/2-1/2"]
[WhiteElo "2190"]
[BlackElo "2038"]
[PlyCount "75"]
[EventDate "2023.07.24"]
[EventType "swiss"]
[EventRounds "7"]
[EventCountry "GBR"]
[SourceTitle "BritBase"]
[Source "John Saunders"]
[SourceDate "2025.01.31"]
[SourceVersion "1"]
[SourceVersionDate "2025.01.31"]
[SourceQuality "1"]

1. e4 e5 2. Nf3 d6 3. d4 exd4 4. Nxd4 Nf6 5. Nc3 Be7 6. Be2 O-O 7. O-O Nc6 8. Nxc6 bxc6 9. Bf4 Nd7 10. Qd2 Bf6 11. Rad1 Re8 12. Bg3 Nc5 13. f3 a5 14. Rfe1 a4 15. Bc4 Qe7 16. b4 axb3 17. axb3 Qf8 18. Ra1 Rxa1 19. Rxa1 Be6 20. Bf1 Bxb3 21. Ra7 Be6 22. Rxc7 Rc8 23. Rxc8 Bxc8 24. Qxd6 Qxd6 25. Bxd6 Nb7 26. e5 Bg5 27. Bc7 Bf5 28. Bd3 Bxd3 29. cxd3 Nc5 30. Ne4 Be3+ 31. Kf1 Ne6 32. Bd6 g5 33. g3 Kg7 34. Kg2 Kg6 35. Bb4 Bd4 36. Bc3 Bxc3 37. Nxc3 Kf5 38. Kf2 1/2-1/2

[Event "GBR-ch109 Over 50"]
[Site "Leicester"]
[Date "2023.07.28"]
[Round "5.5"]
[White "Pitcher, John T"]
[Black "Duncan, Patrick CM"]
[Result "0-1"]
[WhiteElo "2206"]
[BlackElo "1996"]
[PlyCount "128"]
[EventDate "2023.07.24"]
[EventType "swiss"]
[EventRounds "7"]
[EventCountry "GBR"]
[SourceTitle "BritBase"]
[Source "John Saunders"]
[SourceDate "2025.01.31"]
[SourceVersion "1"]
[SourceVersionDate "2025.01.31"]
[SourceQuality "1"]

1. e4 c6 2. d4 d5 3. exd5 cxd5 4. Bd3 Nc6 5. c3 Nf6 6. Bf4 Bg4 7. Qb3 Qc8 8. Nd2 e6 9. Ngf3 Be7 10. O-O Nh5 11. Be3 Qc7 12. Ne5 Nf6 13. h3 Bh5 14. Ndf3 Bxf3 15. Nxf3 O-O 16. Rfe1 Bd6 17. Qc2 Rfc8 18. a3 g6 19. Qe2 Nh5 20. g3 Na5 21. Rad1 Nc4 22. Bc1 Rab8 23. Ne5 Nxe5 24. dxe5 Bf8 25. h4 Ng7 26. g4 h5 27. f3 Kh7 28. Kg2 Be7 29. Qe3 Rh8 30. Qxa7 Qc5 31. Qxc5 Bxc5 32. a4 Ra8 33. Bc2 Rhd8 34. Bg5 Rdc8 35. Re2 Kg8 36. Rd3 Kf8 37. a5 Be7 38. Bxe7+ Kxe7 39. b4 hxg4 40. fxg4 Rc4 41. Kg3 Rac8 42. Rf3 Rxc3 43. Bd3 Rb3 44. b5 Rcc3 45. Rd2 Ne8 46. Kg2 f6 47. a6 bxa6 48. bxa6 Ra3 49. Rb2 fxe5 50. Rb7+ Kd6 51. Rb6+ Kc5 52. Rxe6 Nc7 53. Rxg6 Rxd3 54. Rxd3 Rxd3 55. h5 e4 56. h6 e3 57. a7 Rd2+ 58. Kf3 d4 59. h7 Rf2+ 60. Kg3 Rf8 61. Rf6 e2 62. Rxf8 e1=Q+ 63. Rf2 Qe3+ 64. Kg2 Qe4+ 0-1

[Event "GBR-ch109 Over 50"]
[Site "Leicester"]
[Date "2023.07.28"]
[Round "5.6"]
[White "Walker, Martin Graham"]
[Black "Crocker, Philip J"]
[Result "1/2-1/2"]
[WhiteElo "2079"]
[BlackElo "2151"]
[PlyCount "69"]
[EventDate "2023.07.24"]
[EventType "swiss"]
[EventRounds "7"]
[EventCountry "GBR"]
[SourceTitle "BritBase"]
[Source "John Saunders"]
[SourceDate "2025.01.31"]
[SourceVersion "1"]
[SourceVersionDate "2025.01.31"]
[SourceQuality "1"]

1. e4 e5 2. Nf3 Nc6 3. Bc4 Nf6 4. d3 Bc5 5. O-O a6 6. a4 d6 7. h3 O-O 8. c3 Ba7 9. Be3 Bxe3 10. fxe3 Ne7 11. Qe2 Ng6 12. Nbd2 c6 13. b4 d5 14. exd5 cxd5 15. Bb3 Qd6 16. Rfd1 Bd7 17. Rab1 b5 18. axb5 axb5 19. c4 Qxb4 20. cxd5 Qd6 21. Ng5 Qb6 22. Kh2 Rad8 23. Nde4 Nxe4 24. Nxe4 Kh8 25. d6 f6 26. Bc4 Bc6 27. Bxb5 Bxe4 28. dxe4 Rxd6 29. Be8 Qd8 30. Bxg6 hxg6 31. Qg4 Kh7 32. Qh4+ Kg8 33. Qg4 Kh7 34. Qh4+ Kg8 35. Qg4 1/2-1/2

[Event "GBR-ch109 Over 50"]
[Site "Leicester"]
[Date "2023.07.28"]
[Round "5.7"]
[White "Thompson, Ian D"]
[Black "Henderson, David"]
[Result "1/2-1/2"]
[WhiteElo "2035"]
[BlackElo "2113"]
[PlyCount "25"]
[EventDate "2023.07.24"]
[EventType "swiss"]
[EventRounds "7"]
[EventCountry "GBR"]
[SourceTitle "BritBase"]
[Source "John Saunders"]
[SourceDate "2025.01.31"]
[SourceVersion "1"]
[SourceVersionDate "2025.01.31"]
[SourceQuality "1"]

1. c4 e5 2. Nc3 Nf6 3. Nf3 e4 4. Ng5 c6 5. d3 exd3 6. Qxd3 d5 7. e4 h6 8. Nf3 Bb4 9. cxd5 cxd5 10. exd5 Qxd5 11. Bd2 Qxd3 12. Bxd3 O-O 13. O-O 1/2-1/2